00775nam a2200157Ia 45000010006000000050017000060080041000230410008000640820018000721000042000902450432001322600009005643000028005736500008006016540008006092466320260414151058.0260414t2011||||xx |||||||||||||| ||spa|| aESP a345.721bL89A aLorca Navarrete, Antonio MaríaeAUT 0a¿Es posible el amparo constitucional frente al arbitraje? reflexiones sobre la justificación del arbitraje y la aplicación al mismo del garantismo procesal. Relación del derecho constitucional a la tutela judicial efectiva con el arbitraje desde la vertiente de la justificación de las garantías que se aplican tanto a ese derecho constitucional - el denominado derecho a la tutela judicial efectiva como arbitrajeb c2011 a119 páginas :c20 cm. aDER aCDE